000
00306pam a2200121 a 4500
020
_a
0-245-54214-0
_c
041
_h
082
_a
005.36
_b
HIL
100
_a
HILTON A.,
245
_a
101 PUZZLES TO SOLVE ON YOUR MICROCOMPUTER
_h
Textual Documents
260
_a
LONDON
_b
HARRAP LIMITED
_c
1984
930
_a
10474
999
_c
129919
_d
129919